[Event "Bad Woerishofen op"]
[Site "Bad Woerishofen"]
[Date "2000.??.??"]
[Round "1"]
[White "de Francesco, Klaus"]
[Black "Braun, Erhard"]
[Result "1-0"]
[WhiteElo "2300"]
[BlackElo "1906"]
[PlyCount "103"]
[EventDate "1998.03.05"]
[Source "ChessBase"]
[SourceDate "1998.04.29"]

1. d4 Nf6 2. Nf3 g6 3. Bf4 Bg7 4. e3 O-O 5. Be2 d6 6. h3 c5 7. c3 cxd4 8. exd4
Qb6 9. Qc1 Nc6 10. Nbd2 Bd7 11. O-O Rac8 12. Nc4 Qd8 13. a4 Na5 14. Nxa5 Qxa5
15. Re1 Rfe8 16. Bd3 Bc6 17. Qd1 Qh5 18. Be2 Qf5 19. Bh2 e5 20. dxe5 dxe5 21.
Bd3 e4 22. Nd4 Qc5 23. Bf1 Rcd8 24. Qb3 Nd5 25. Nxc6 bxc6 26. Bc4 f5 27. Rad1
Bf6 28. Bf4 Kg7 29. Bxd5 cxd5 30. Be3 d4 31. cxd4 Bxd4 32. Rxd4 Rxd4 33. Qb7+
Kg8 34. Bxd4 Qxd4 35. Qb3+ Kg7 36. Rd1 Qf6 37. Rd7+ Re7 38. Qb7 Rxd7 39. Qxd7+
Kh6 40. Qd2+ Kg7 41. a5 g5 42. Qb4 Qc6 43. Qd4+ Kg6 44. Qxa7 Qc1+ 45. Kh2 g4
46. Qb6+ Kh5 47. hxg4+ Kxg4 48. a6 Qf4+ 49. g3 Qg5 50. Qe3 Qh5+ 51. Kg2 Qf7 52.
Qh6 1-0

[Event "Bad Woerishofen op"]
[Site "?"]
[Date "2000.??.??"]
[Round "3"]
[White "de Francesco, Klaus"]
[Black "Dobierzin, Olaf"]
[Result "0-1"]
[WhiteElo "2300"]
[BlackElo "2144"]
[PlyCount "72"]
[EventDate "2000.??.??"]

1. d4 Nf6 2. Nf3 g6 3. c4 Bg7 4. Nc3 O-O 5. e4 d6 6. Be2 e5 7. O-O Nc6 8. d5
Ne7 9. b4 a5 10. bxa5 Rxa5 11. a4 Nd7 12. Nd2 Nc5 13. Nb3 Nxb3 14. Qxb3 Kh8 15.
Bd2 f5 16. f3 Ng8 17. Nb5 Ra8 18. Bb4 Nf6 19. c5 fxe4 20. cxd6 cxd6 21. Bxd6
exf3 22. Bxf3 e4 23. Be2 Re8 24. Rac1 Bd7 25. Nc7 Bxa4 26. Qb4 Qd7 27. Nxa8
Rxa8 28. Rc7 Nxd5 29. Qxb7 Nxc7 30. Bxc7 Bc6 31. Qb4 Qxc7 32. Rc1 Qf4 33. Re1
Be5 34. g3 Qe3+ 35. Kh1 Qf2 36. Rf1 e3+ 0-1

[Event "Bad Woerishofen op"]
[Site "?"]
[Date "2000.??.??"]
[Round "5"]
[White "de Francesco, Klaus"]
[Black "Dubois, Martine"]
[Result "1-0"]
[WhiteElo "2300"]
[BlackElo "2093"]
[PlyCount "79"]
[EventDate "2000.??.??"]

1. d4 d5 2. c4 Bf5 3. Nc3 e6 4. Nf3 Nc6 5. a3 Nf6 6. e3 Ne7 7. b4 dxc4 8. Bxc4
Ned5 9. Ne2 Ne4 10. Bb2 a5 11. b5 a4 12. Bd3 Nd6 13. O-O Ra5 14. Rb1 Bxd3 15.
Qxd3 Rxb5 16. e4 Rb3 17. Qc2 Nb6 18. Nc3 Ndc4 19. Nxa4 Rxf3 20. Nxb6 Nxb2 21.
gxf3 Bxa3 22. Qb3 Be7 23. Rxb2 cxb6 24. Qxb6 O-O 25. Qxd8 Rxd8 26. Rxb7 Bg5 27.
Ra1 h5 28. Ra4 Kh7 29. Rxf7 Bh6 30. Rb7 h4 31. Kg2 Rf8 32. Ra6 Rf6 33. d5 Rg6+
34. Kh3 Rg1 35. Rxe6 Bf4 36. Rf7 Bb8 37. e5 Kg8 38. Rf5 Ba7 39. d6 Bxf2 40. d7
1-0

[Event "Bad Woerishofen op"]
[Site "?"]
[Date "2000.??.??"]
[Round "7"]
[White "de Francesco, Klaus"]
[Black "Heil, Walter"]
[Result "1-0"]
[WhiteElo "2300"]
[BlackElo "2080"]
[PlyCount "63"]
[EventDate "2000.??.??"]

1. d4 f5 2. e4 fxe4 3. Nc3 Nf6 4. Bg5 Nc6 5. d5 Ne5 6. Qd4 Nf7 7. Bxf6 exf6 8.
O-O-O Be7 9. Qxe4 O-O 10. Bd3 g6 11. f4 f5 12. Qf3 d6 13. h4 Bf6 14. Nge2 Bg7
15. h5 g5 16. g4 Nh6 17. gxf5 g4 18. Qg2 Qf6 19. Ng3 Bxf5 20. Nxf5 Nxf5 21.
Rde1 Nh6 22. f5 Qg5+ 23. Kb1 Bxc3 24. bxc3 Nxf5 25. Re6 Rf7 26. Rg1 Rg7 27. Qe4
Rf8 28. Re8 Nh6 29. Rf1 Nf7 30. Qe6 Qe5 31. Rxf8+ Kxf8 32. h6 1-0

[Event "Bad Woerishofen op"]
[Site "?"]
[Date "2000.??.??"]
[Round "8"]
[White "de Francesco, Klaus"]
[Black "Schnur, Gerhard"]
[Result "1/2-1/2"]
[WhiteElo "2300"]
[BlackElo "2111"]
[PlyCount "82"]
[EventDate "2000.??.??"]

1. d4 e6 2. c4 d5 3. Nf3 Nf6 4. e3 Be7 5. b3 O-O 6. Bd3 dxc4 7. bxc4 c5 8. O-O
b6 9. Bb2 Nc6 10. Nbd2 Bb7 11. Rc1 Re8 12. Qe2 Qc7 13. Bb1 Rad8 14. Rfd1 cxd4
15. exd4 Qf4 16. Qe3 Bd6 17. g3 Qg4 18. Qg5 Qxg5 19. Nxg5 Be7 20. Ngf3 Rc8 21.
Nf1 Red8 22. Ne3 Na5 23. Nh4 Ne4 24. Nhg2 Bf6 25. Rc2 Nd6 26. c5 Nb5 27. cxb6
axb6 28. Rxc8 Rxc8 29. Ng4 Bxd4 30. Bxd4 Nxd4 31. Ne5 Nf3+ 32. Nxf3 Bxf3 33.
Re1 Rc5 34. Nh4 Bd5 35. Ng2 Nc6 36. Nf4 Nd4 37. Rd1 e5 38. Nxd5 Rxd5 39. Kg2
Kf8 40. Be4 Ra5 41. Rd2 Ke8 1/2-1/2

[Event "Bad Woerishofen op"]
[Site "Bad Woerishofen"]
[Date "2000.??.??"]
[Round "2"]
[White "Deglmann, Ludwig"]
[Black "Hilbig, Olaf"]
[Result "1-0"]
[WhiteElo "2332"]
[BlackElo "2150"]
[PlyCount "91"]
[EventDate "1998.03.05"]
[Source "ChessBase"]
[SourceDate "1998.04.29"]

1. d4 Nf6 2. Nf3 g6 3. c4 Bg7 4. Nc3 d6 5. e4 O-O 6. Be2 e5 7. O-O Nc6 8. d5
Ne7 9. Ne1 Nd7 10. Be3 f5 11. f3 f4 12. Bf2 g5 13. a4 Nf6 14. c5 Ng6 15. a5 Rf7
16. cxd6 cxd6 17. Nb5 g4 18. fxg4 Nxe4 19. Bxa7 Rxa7 20. Nxa7 Ng5 21. Nxc8 Qxc8
22. Rc1 Qd8 23. Nf3 Nxf3+ 24. Bxf3 Qxa5 25. Kh1 Qb4 26. Qe2 Ne7 27. Qe4 Qb5 28.
Rf2 Bf6 29. Rfc2 Bh4 30. b4 Rf8 31. Be2 Qb6 32. Bd3 Rf7 33. Ra2 Ng6 34. Ra8+
Kg7 35. Rf1 Qe3 36. Qxe3 fxe3 37. Rxf7+ Kxf7 38. Bxg6+ hxg6 39. g3 Bd8 40. Kg2
Bb6 41. Kf3 e4+ 42. Ke2 Bd4 43. g5 b6 44. Ra7+ Ke8 45. Rc7 Kd8 46. Rc4 1-0

[Event "Bad Woerishofen op"]
[Site "?"]
[Date "2000.??.??"]
[Round "4"]
[White "Deglmann, Ludwig"]
[Black "Liedtke, Dirk"]
[Result "1-0"]
[WhiteElo "2332"]
[BlackElo "2168"]
[PlyCount "71"]
[EventDate "2000.??.??"]

1. Nf3 g6 2. d4 Bg7 3. c4 d6 4. Nc3 Nd7 5. e4 e5 6. Be2 Ne7 7. h4 exd4 8. Nxd4
Nc6 9. Bg5 Nf6 10. Nxc6 bxc6 11. Qd2 h6 12. Be3 Qe7 13. h5 g5 14. f3 c5 15. Bd3
Bb7 16. O-O-O Rb8 17. g3 g4 18. Rhe1 gxf3 19. Nd5 Qd8 20. Nxf6+ Bxf6 21. e5
Bxe5 22. Bf4 Qf6 23. Rxe5+ dxe5 24. Bxe5 Qxe5 25. Re1 Qxe1+ 26. Qxe1+ Kd8 27.
Qe5 Re8 28. Qf6+ Re7 29. Qh8+ Re8 30. Qxh6 Be4 31. Qf6+ Kd7 32. Bxe4 Rxe4 33.
Qxf7+ Re7 34. Qd5+ Kc8 35. Qxf3 Rb6 36. g4 1-0

[Event "Bad Woerishofen op"]
[Site "?"]
[Date "2000.??.??"]
[Round "6"]
[White "Deglmann, Ludwig"]
[Black "Bartels, Holger"]
[Result "1-0"]
[WhiteElo "2332"]
[BlackElo "2154"]
[PlyCount "109"]
[EventDate "2000.??.??"]

1. Nf3 Nf6 2. d4 d5 3. c4 e6 4. Nc3 Be7 5. e3 O-O 6. b3 b6 7. Bb2 Bb7 8. Bd3
Nbd7 9. Qc2 c5 10. O-O cxd4 11. exd4 dxc4 12. bxc4 Qc7 13. Qe2 Qf4 14. Qe3 Qxe3
15. fxe3 e5 16. Bf5 exd4 17. exd4 g6 18. Rae1 Bb4 19. Bd3 Rfe8 20. a3 Rxe1 21.
Rxe1 Bf8 22. h3 Re8 23. Rxe8 Nxe8 24. Kf2 f6 25. Be4 Bxe4 26. Nxe4 Nd6 27. Nxd6
Bxd6 28. Ke3 Kf7 29. a4 Bb4 30. Ng1 Ke6 31. Ne2 Kd6 32. Nf4 Kc6 33. Nd3 Bd6 34.
g4 Kc7 35. Ke4 Kc6 36. Bc3 a5 37. h4 Bg3 38. h5 gxh5 39. gxh5 Kd6 40. Kf5 Bh2
41. Nf2 Ke7 42. Ne4 Bd6 43. c5 bxc5 44. dxc5 Bxc5 45. Bxa5 Bd4 46. Bc3 Bxc3 47.
Nxc3 Nc5 48. a5 Ne6 49. a6 Nc7 50. a7 Kd7 51. Nd5 Na8 52. Nxf6+ Kc6 53. Nxh7
Kb7 54. Nf6 Nb6 55. h6 1-0

[Event "Bad Woerishofen op"]
[Site "?"]
[Date "2000.??.??"]
[Round "8"]
[White "Deglmann, Ludwig"]
[Black "Popitz, Andreas"]
[Result "1-0"]
[WhiteElo "2332"]
[BlackElo "2177"]
[PlyCount "117"]
[EventDate "2000.??.??"]

1. d4 Nf6 2. Nf3 e6 3. g3 d5 4. Bg2 Be7 5. O-O O-O 6. c4 dxc4 7. Qc2 a6 8. a4
b6 9. Qxc4 Bb7 10. Nc3 c5 11. Rd1 Qc8 12. Bg5 cxd4 13. Qxd4 Qc5 14. Qxc5 Bxc5
15. Ne5 Bxg2 16. Kxg2 Ra7 17. Bxf6 gxf6 18. Nc4 Nd7 19. Rd3 Ne5 20. Nxe5 fxe5
21. Rad1 Rc7 22. Rd7 Rfc8 23. e3 Be7 24. Kf3 Kf8 25. h4 Ke8 26. Rxc7 Rxc7 27.
Ne4 Rc2 28. Rd2 Rxd2 29. Nxd2 b5 30. axb5 axb5 31. Ke4 f6 32. g4 Kf7 33. h5 Bd6
34. f4 exf4 35. exf4 Be7 36. b3 Bb4 37. Nf3 Bc3 38. Nd4 b4 39. Ne2 Be1 40. Nc1
Bc3 41. Nd3 Kg7 42. Nc5 Kf7 43. f5 exf5+ 44. Kxf5 Ke7 45. Ne6 Kf7 46. Nf4 Bd2
47. Nd5 Bc3 48. h6 Bd2 49. Nxf6 Bxh6 50. Nxh7 Bg7 51. Ng5+ Ke7 52. Kg6 Bb2 53.
Nh7 Ke6 54. g5 Bc1 55. Nf6 Ke5 56. Nd7+ Kd4 57. Kf6 Kc3 58. g6 Bh6 59. Nc5 1-0

[Event "Bad Woerishofen op"]
[Site "?"]
[Date "2000.??.??"]
[Round "2"]
[White "Dintheer, Willi"]
[Black "Doell, Detlef"]
[Result "0-1"]
[WhiteElo "1800"]
[BlackElo "2093"]
[PlyCount "82"]
[EventDate "2000.??.??"]

1. e4 c5 2. Nf3 d6 3. b3 Nf6 4. e5 dxe5 5. Nxe5 a6 6. Bb2 e6 7. Be2 Be7 8. O-O
O-O 9. Bf3 Qc7 10. Re1 Nfd7 11. Nxd7 Nxd7 12. d3 Bf6 13. Bxf6 Nxf6 14. Nc3 Bd7
15. Qd2 Bc6 16. Bxc6 Qxc6 17. Ne4 Nxe4 18. Rxe4 Rad8 19. Rae1 Rd5 20. Rg4 f5
21. Rg5 Rf6 22. f4 Qd6 23. Qc3 Rd4 24. Rg3 h6 25. Rf3 b6 26. g3 Rg6 27. Kf2 h5
28. Re5 h4 29. Qe1 Qc6 30. Ke3 hxg3 31. hxg3 Rd6 32. Qe2 Rh6 33. Rf2 Qb5 34.
Qf3 Qb4 35. Qa8+ Kh7 36. Qf8 Qe1+ 37. Kf3 Qd1+ 38. Ree2 Rd4 39. Qe8 Qh1+ 40.
Ke3 Qc1+ 41. Kf3 Rxf4+ 0-1

[Event "Bad Woerishofen op"]
[Site "?"]
[Date "2000.??.??"]
[Round "4"]
[White "Dintheer, Willi"]
[Black "Maugg, Ludwig"]
[Result "0-1"]
[WhiteElo "1800"]
[BlackElo "2148"]
[PlyCount "56"]
[EventDate "2000.??.??"]

1. d4 Nf6 2. c4 c5 3. Nf3 cxd4 4. Nxd4 b6 5. Nc3 Bb7 6. Bg5 e6 7. e4 d6 8. f4
Be7 9. Bd3 Nbd7 10. O-O Nc5 11. Re1 Nxd3 12. Qxd3 a6 13. Re3 O-O 14. Rae1 Rc8
15. Rh3 g6 16. b3 Re8 17. Qg3 Nd7 18. Bxe7 Qxe7 19. Nf3 Nf8 20. Rh6 b5 21. Nd2
Qc7 22. Re3 Qc5 23. Kh1 d5 24. exd5 exd5 25. Rxe8 Rxe8 26. h3 d4 27. Qf2 dxc3
28. Qxc5 cxd2 0-1

[Event "Bad Woerishofen op"]
[Site "?"]
[Date "2000.??.??"]
[Round "6"]
[White "Dintheer, Willi"]
[Black "Hanisch, Pavel"]
[Result "1-0"]
[WhiteElo "1800"]
[BlackElo "2165"]
[PlyCount "57"]
[EventDate "2000.??.??"]

1. e4 Nf6 2. Nc3 d6 3. d4 g6 4. Nf3 Bg7 5. Be3 c6 6. h3 Nbd7 7. e5 Nd5 8. Nxd5
cxd5 9. exd6 exd6 10. Bd3 Qb6 11. Qc1 O-O 12. O-O Nf6 13. Bh6 Bd7 14. Bxg7 Kxg7
15. Qf4 Rfe8 16. Rfe1 Nh5 17. Qh2 f5 18. Rab1 f4 19. g4 fxg3 20. fxg3 Nf6 21.
g4 Ne4 22. c3 Re6 23. Bxe4 Rxe4 24. Ng5 Rxe1+ 25. Rxe1 Re8 26. Rxe8 Bxe8 27.
Qe2 Qb5 28. Qe7+ Kh6 29. h4 1-0

[Event "Bad Woerishofen op"]
[Site "?"]
[Date "2000.??.??"]
[Round "8"]
[White "Dintheer, Willi"]
[Black "Teich, Udo"]
[Result "1/2-1/2"]
[WhiteElo "1800"]
[BlackElo "2146"]
[PlyCount "86"]
[EventDate "2000.??.??"]

1. e4 e6 2. d4 d5 3. Nc3 Nf6 4. Bg5 Be7 5. e5 Nfd7 6. Bxe7 Qxe7 7. Nf3 a6 8.
Qd2 c5 9. Ne2 Nc6 10. c3 O-O 11. Ng3 c4 12. Be2 f6 13. exf6 Qxf6 14. O-O b5 15.
Rae1 Bb7 16. Bd1 Rae8 17. Nh5 Qg6 18. Nh4 Qf7 19. Re3 Nf6 20. Nxf6+ Qxf6 21.
Nf3 Bc8 22. Ne5 Nxe5 23. Rxe5 Qf4 24. Qxf4 Rxf4 25. g3 Rf6 26. Bc2 Rf3 27. Rfe1
Ref8 28. R1e2 Bd7 29. Kg2 a5 30. a3 g6 31. h4 Kg7 32. Rd2 R3f6 33. f4 Rb8 34.
Re1 b4 35. axb4 axb4 36. Ra1 bxc3 37. bxc3 Rb2 38. Ra7 Rf7 39. Kf2 h6 40. Ke3
Be8 41. Ra8 Re7 42. g4 Bf7 43. g5 h5 1/2-1/2

[Event "Bad Woerishofen op"]
[Site "Bad Woerishofen"]
[Date "2000.??.??"]
[Round "1"]
[White "Dittler, Volkfried"]
[Black "Nun, Gottfried"]
[Result "0-1"]
[WhiteElo "1654"]
[BlackElo "2141"]
[PlyCount "72"]
[EventDate "1998.03.05"]
[Source "ChessBase"]
[SourceDate "1998.04.29"]

1. d4 Nf6 2. Nf3 g6 3. c4 Bg7 4. Nc3 d6 5. g3 O-O 6. Bg2 Nc6 7. O-O a6 8. h3
Rb8 9. a4 Nd7 10. e4 e5 11. Be3 h6 12. Qd2 Kh7 13. Rfd1 exd4 14. Nxd4 Nde5 15.
Nxc6 bxc6 16. Qe2 Be6 17. c5 Bc4 18. Qd2 Nd3 19. Rdb1 Nxc5 20. Bxc5 dxc5 21.
Qf4 Bd3 22. Rd1 Rxb2 23. e5 c4 24. Qc1 Qb8 25. f4 Qb6+ 26. Kh1 Qf2 27. Rg1 Rc2
28. Nd1 Qd4 29. Qa3 Re8 30. Rc1 Bf8 31. Qa1 Qxa1 32. Rxa1 Bc5 33. Re1 Bb4 34.
Re3 Bd2 35. Bxc6 Bxe3 36. Bxe8 Be4# 0-1

[Event "Bad Woerishofen op"]
[Site "?"]
[Date "2000.??.??"]
[Round "3"]
[White "Dittler, Volkfried"]
[Black "Poehler, Margit"]
[Result "0-1"]
[WhiteElo "1654"]
[BlackElo "1798"]
[PlyCount "130"]
[EventDate "2000.??.??"]

1. d4 g6 2. e4 d6 3. Nf3 Bg7 4. Bf4 Nc6 5. c3 Bg4 6. Bc4 Nf6 7. Nbd2 e5 8. Bg3
O-O 9. Be2 Nh5 10. Bh4 Qe8 11. d5 Ne7 12. h3 Bxf3 13. Bxf3 Nf4 14. Nf1 f5 15.
Ne3 fxe4 16. Bxe4 Nf5 17. Nxf5 gxf5 18. g3 Ng6 19. Bf3 Qb5 20. Qd2 e4 21. Be2
Qb6 22. Bg5 Ne5 23. O-O-O Qa5 24. Kb1 b5 25. g4 Rab8 26. gxf5 b4 27. cxb4 Rxb4
28. f6 Bxf6 29. Bxf6 Rxf6 30. a3 Qxa3 31. Rc1 Qa5 32. Rhg1+ Rg6 33. Rxg6+ hxg6
34. Qc3 Qb6 35. Rc2 Rb3 36. Qe1 Rxh3 37. Qf1 Rh7 38. Bb5 Qd4 39. Bc6 Rf7 40.
Be8 Re7 41. Qb5 Qd1+ 42. Rc1 Qd3+ 43. Ka1 Qxb5 44. Bxb5 Nd3 45. Rg1 Kg7 46. Rg2
Nb4 47. Bc4 Re5 48. Rg4 e3 49. fxe3 Rxe3 50. b3 a5 51. Kb2 Re5 52. Rd4 g5 53.
Rd2 Kf6 54. Ka3 g4 55. Ka4 Kg5 56. Kxa5 c5 57. Kb6 Re7 58. Rf2 g3 59. Rf8 Rg7
60. Bf1 Nxd5+ 61. Kc6 Ne3 62. Rf3 Nxf1 63. Rxf1 Rg6 64. Kd5 g2 65. Rg1 Kf4 0-1

[Event "Bad Woerishofen op"]
[Site "?"]
[Date "2000.??.??"]
[Round "6"]
[White "Dittler, Volkfried"]
[Black "Auer, Hans"]
[Result "0-1"]
[WhiteElo "1654"]
[BlackElo "1905"]
[PlyCount "80"]
[EventDate "2000.??.??"]

1. d4 Nf6 2. Nf3 g6 3. c4 Bg7 4. g3 d6 5. Nc3 O-O 6. Bg2 Nc6 7. O-O Bg4 8. h3
Bd7 9. e4 e5 10. Be3 Nh5 11. Qd2 f5 12. dxe5 Nxe5 13. Nxe5 Bxe5 14. Bg5 Bf6 15.
Bh6 Bg7 16. exf5 gxf5 17. Nd5 c6 18. Bg5 Qb8 19. Ne7+ Kh8 20. Rae1 Rf7 21. Re2
Qc7 22. Rfe1 Raf8 23. Bf3 Nf6 24. Bxf6 Rxf6 25. Bh5 Qb6 26. b4 Rh6 27. c5 Qb5
28. g4 fxg4 29. hxg4 Qc4 30. Re4 Qc3 31. Qg5 d5 32. R4e3 Qf6 33. Qxf6 Rhxf6 34.
R3e2 Rf4 35. Nf5 Bxf5 36. gxf5 R4xf5 37. Be8 Bd4 38. Bd7 Bxf2+ 39. Rxf2 Rxf2
40. Re7 R2f7 0-1

[Event "Bad Woerishofen op"]
[Site "?"]
[Date "2000.??.??"]
[Round "8"]
[White "Dittler, Volkfried"]
[Black "Damm, Fabian"]
[Result "0-1"]
[WhiteElo "1654"]
[BlackElo "2151"]
[PlyCount "218"]
[EventDate "2000.??.??"]

1. d4 Nf6 2. Nf3 d6 3. g3 g6 4. Bg2 Bg7 5. c4 O-O 6. O-O c5 7. d5 Bf5 8. Nc3
Na6 9. Nd2 Qd7 10. Re1 Nc7 11. e4 Bh3 12. Bh1 Rab8 13. a4 Rfe8 14. Nb3 Na6 15.
Nb5 Ra8 16. Bd2 Ng4 17. Bc3 Ne5 18. Qe2 Nb4 19. Nc1 a6 20. Na3 Qxa4 21. f4 Ng4
22. Bxg7 Kxg7 23. Bf3 h5 24. b3 Qd7 25. Nc2 Nxc2 26. Qxc2 Reb8 27. e5 Nh6 28.
Qc3 Kh7 29. exd6 exd6 30. Qf6 Re8 31. Nd3 Rxe1+ 32. Rxe1 Re8 33. Qa1 Nf5 34.
Nf2 Nd4 35. Rxe8 Nxf3+ 36. Kh1 Qxe8 37. Nxh3 Qe2 38. Ng5+ Nxg5 39. fxg5 Qf3+
40. Kg1 Qe3+ 41. Kg2 Qd2+ 42. Kf3 Qxg5 43. h4 Qf5+ 44. Kg2 f6 45. Qe1 Qe5 46.
Qa5 Qe2+ 47. Kg1 Qe7 48. Qd2 b5 49. Qa5 bxc4 50. bxc4 Qb7 51. Qd8 Qb1+ 52. Kh2
Qb2+ 53. Kh3 Qe5 54. Qf8 Qf5+ 55. Kg2 Qd7 56. Qxf6 a5 57. Qa1 a4 58. Qa3 Qa7
59. Kh2 Qa6 60. Qe3 Qa7 61. Qa3 Qa8 62. Kg2 Qe8 63. Kh3 Kg8 64. Qa1 Kf7 65. Kh2
Qe2+ 66. Kg1 Qxc4 67. Kh2 Qxd5 68. Qxa4 Qe5 69. Qc6 Qe6 70. Qf3+ Kg7 71. Qb7+
Kf6 72. Qf3+ Ke7 73. Qb7+ Qd7 74. Qe4+ Kf6 75. Qf4+ Kg7 76. Qe3 Kh7 77. Qf2 c4
78. Qf6 Qc7 79. Qc3 d5 80. Kg2 Qg7 81. Qc2 Qf6 82. Qa4 Qg7 83. Qc6 Qf7 84. Qc5
Kg7 85. Qd4+ Kg8 86. Qc5 Qe6 87. Qc7 Kf8 88. Qd8+ Kf7 89. Qc7+ Ke8 90. Qb8+ Ke7
91. Qb4+ Qd6 92. Qe1+ Kd7 93. Qc3 Kc6 94. Qa5 d4 95. Qa6+ Kd5 96. Qb5+ Qc5 97.
Qd7+ Ke5 98. Qg7+ Kf5 99. Qf7+ Ke5 100. Qxg6 d3 101. Qxh5+ Kd4 102. Qh8+ Qe5
103. Qd8+ Qd5+ 104. Qxd5+ Kxd5 105. Kf3 Kd4 106. h5 Kc3 107. h6 d2 108. Ke2 Kc2
109. h7 d1=Q+ 0-1

[Event "Bad Woerishofen op"]
[Site "Bad Woerishofen"]
[Date "2000.??.??"]
[Round "2"]
[White "Dittmar, Peter"]
[Black "Teich, Udo"]
[Result "1-0"]
[WhiteElo "2308"]
[BlackElo "2146"]
[PlyCount "81"]
[EventDate "1998.03.05"]
[Source "ChessBase"]
[SourceDate "1998.04.29"]

1. c4 Nf6 2. Nc3 c6 3. e4 e5 4. Nf3 d6 5. d4 Bg4 6. dxe5 Bxf3 7. gxf3 dxe5 8.
Qxd8+ Kxd8 9. Rg1 Nbd7 10. f4 Bb4 11. Bd2 g6 12. O-O-O Ke7 13. Nd5+ Nxd5 14.
exd5 Bxd2+ 15. Rxd2 cxd5 16. Rxd5 exf4 17. Bh3 Nb6 18. Re1+ Kf8 19. Rd4 f5 20.
Bg2 Rc8 21. Bxb7 Rxc4+ 22. Rxc4 Nxc4 23. Bd5 Nb6 24. Bb3 h6 25. Re6 g5 26. Rf6+
Kg7 27. Rf7+ Kg6 28. Rxa7 Kh5 29. Ra6 Nd7 30. Rc6 Ne5 31. Rc3 g4 32. Bc2 Kh4
33. Bxf5 f3 34. Re3 Nf7 35. h3 h5 36. hxg4 hxg4 37. Re1 Ng5 38. Rg1 Nh3 39.
Rxg4+ Kh5 40. Rg3 Ng5 41. Rg1 1-0

[Event "Bad Woerishofen op"]
[Site "?"]
[Date "2000.??.??"]
[Round "3"]
[White "Dittmar, Peter"]
[Black "Bischoff, Klaus"]
[Result "1/2-1/2"]
[WhiteElo "2308"]
[BlackElo "2544"]
[PlyCount "48"]
[EventDate "2000.??.??"]

1. c4 e5 2. Nc3 Nf6 3. g3 d5 4. cxd5 Nxd5 5. Bg2 Nb6 6. d3 Be7 7. Be3 O-O 8.
Rc1 Re8 9. a3 Bf8 10. Na4 c6 11. Nf3 Na6 12. O-O Nd5 13. Bd2 Ndc7 14. Be3 Nd5
15. Bd2 Ndc7 16. Be3 Nb5 17. d4 exd4 18. Nxd4 Nxd4 19. Bxd4 Bg4 20. f3 Be6 21.
e3 Re7 22. b4 Rd7 23. Qc2 Nc7 24. Rfd1 Nb5 1/2-1/2

[Event "Bad Woerishofen op"]
[Site "?"]
[Date "2000.??.??"]
[Round "5"]
[White "Dittmar, Peter"]
[Black "Seifert, Volker"]
[Result "1/2-1/2"]
[WhiteElo "2308"]
[BlackElo "2108"]
[PlyCount "82"]
[EventDate "2000.??.??"]

1. c4 Nf6 2. Nc3 e6 3. e4 d5 4. e5 d4 5. exf6 dxc3 6. fxg7 cxd2+ 7. Bxd2 Bxg7
8. Qc2 Nd7 9. Nf3 Nf6 10. Bb4 c6 11. Be2 Qc7 12. Rd1 c5 13. Bc3 Bd7 14. Ne5 Rd8
15. O-O O-O 16. Nxd7 Nxd7 17. Bxg7 Kxg7 18. Rd3 Nf6 19. Qd2 Kh8 20. Qg5 Ne4 21.
Qh6 Qe5 22. Rfd1 Rc8 23. Qe3 Qf5 24. f4 Nf6 25. Qe5 Rg8 26. Qc3 Rg7 27. g3 h5
28. Rd8+ Rxd8 29. Rxd8+ Ng8 30. Qd3 Qxd3 31. Bxd3 h4 32. Kg2 hxg3 33. hxg3 f5
34. Be2 Kh7 35. Bf3 Nf6 36. Rd6 Re7 37. Kf2 Kg7 38. Ke3 Kf7 39. Rd1 Kg7 40. Kf2
Kg6 41. Re1 Kf7 1/2-1/2

[Event "Bad Woerishofen op"]
[Site "?"]
[Date "2000.??.??"]
[Round "6"]
[White "Dittmar, Peter"]
[Black "Schelle, Artur"]
[Result "1/2-1/2"]
[WhiteElo "2308"]
[BlackElo "2127"]
[PlyCount "69"]
[EventDate "2000.??.??"]

1. c4 g6 2. Nc3 Bg7 3. e4 d6 4. g3 c5 5. Bg2 Nc6 6. d3 e6 7. Nge2 Nge7 8. O-O
O-O 9. a3 Rb8 10. Rb1 Nd4 11. Nxd4 cxd4 12. Ne2 a6 13. b4 b5 14. Bb2 e5 15.
cxb5 axb5 16. f4 Kh8 17. fxe5 dxe5 18. Nc1 f5 19. Nb3 Ng8 20. Nc5 Rb6 21. Qe2
Qe8 22. Rbe1 Rd6 23. Kh1 Ne7 24. Bc1 Nc6 25. Qa2 Be6 26. Nxe6 Rxe6 27. Qd5 Nd8
28. Bh3 Qc6 29. Qxc6 Rxc6 30. exf5 Rc3 31. fxg6 Rxf1+ 32. Bxf1 hxg6 33. Bg5 Nf7
34. Be7 Nh6 35. Bg5 1/2-1/2

[Event "Bad Woerishofen op"]
[Site "?"]
[Date "2000.??.??"]
[Round "9"]
[White "Dittmar, Peter"]
[Black "Markus, John Raymond"]
[Result "1-0"]
[WhiteElo "2308"]
[BlackElo "2215"]
[PlyCount "73"]
[EventDate "2000.??.??"]

1. c4 c5 2. Nc3 Nc6 3. g3 g6 4. Bg2 Bg7 5. e4 a6 6. Nge2 Rb8 7. a4 d6 8. d3 e5
9. O-O Nge7 10. Rb1 O-O 11. Be3 Be6 12. Qd2 Qd7 13. Bh6 Nd4 14. Bxg7 Kxg7 15.
f4 f6 16. b4 Nxe2+ 17. Qxe2 cxb4 18. Rxb4 Nc6 19. Rb6 Nd4 20. Qb2 Kh8 21. Rb1
Bh3 22. Rxb7 Rxb7 23. Qxb7 Qxb7 24. Rxb7 Bxg2 25. Kxg2 exf4 26. gxf4 Ne6 27.
Kf3 f5 28. exf5 Rxf5 29. Nd5 Nxf4 30. Nxf4 g5 31. Kg4 Rxf4+ 32. Kxg5 Rd4 33.
Kf6 Rf4+ 34. Ke6 Rd4 35. Rb6 Rxd3 36. Rxd6 Rh3 37. c5 1-0

[Event "Bad Woerishofen op"]
[Site "?"]
[Date "2000.??.??"]
[Round "2"]
[White "Dobierzin, Olaf"]
[Black "Schmidt, Thomas"]
[Result "1-0"]
[WhiteElo "2144"]
[BlackElo "1715"]
[PlyCount "67"]
[EventDate "2000.??.??"]

1. e4 d6 2. d4 Nf6 3. Nc3 c6 4. Nf3 Bg4 5. Be2 e6 6. O-O Be7 7. h3 Bh5 8. Bf4
O-O 9. a4 a5 10. Qd2 d5 11. e5 Nfd7 12. Nh2 Bxe2 13. Nxe2 Na6 14. Be3 c5 15. f4
cxd4 16. Nxd4 Rc8 17. Nhf3 g6 18. g4 Qc7 19. f5 exf5 20. gxf5 Nxe5 21. Nxe5
Qxe5 22. Bf4 Qxd4+ 23. Qxd4 Bc5 24. Qxc5 Nxc5 25. Rad1 Nxa4 26. Rxd5 Rc5 27.
Rd4 Nxb2 28. Bd6 Rxc2 29. Bxf8 Kxf8 30. f6 Re2 31. Rf2 Re1+ 32. Kg2 Nd1 33.
Rd8+ Re8 34. Rxd1 1-0

[Event "Bad Woerishofen op"]
[Site "?"]
[Date "2000.??.??"]
[Round "5"]
[White "Dobierzin, Olaf"]
[Black "Loew, Gerald"]
[Result "1/2-1/2"]
[WhiteElo "2144"]
[BlackElo "2305"]
[PlyCount "59"]
[EventDate "2000.??.??"]

1. e4 Nf6 2. e5 Nd5 3. d4 d6 4. Nf3 dxe5 5. Nxe5 g6 6. Bc4 c6 7. O-O Bg7 8. Qe2
O-O 9. c3 Be6 10. Bb3 Nd7 11. Nd3 Nc7 12. Bxe6 Nxe6 13. Nd2 Qa5 14. Nf3 Qf5 15.
Re1 Rad8 16. Qe4 Qxe4 17. Rxe4 c5 18. Nxc5 Ndxc5 19. dxc5 Rd1+ 20. Re1 Rxe1+
21. Nxe1 Nxc5 22. Be3 Ne4 23. Rb1 Rd8 24. Kf1 b6 25. Nf3 Rd7 26. Bd4 b5 27.
Bxg7 Kxg7 28. Ke2 Kf6 29. Nd2 Rc7 30. Kd3 1/2-1/2

[Event "Bad Woerishofen op"]
[Site "?"]
[Date "2000.??.??"]
[Round "6"]
[White "Dobierzin, Olaf"]
[Black "Breder, Dennis"]
[Result "0-1"]
[WhiteElo "2144"]
[BlackElo "2305"]
[PlyCount "66"]
[EventDate "2000.??.??"]

1. e4 c5 2. Nf3 Nc6 3. d4 cxd4 4. Nxd4 Nf6 5. Nc3 d6 6. Be2 e5 7. Nb3 Be7 8.
O-O O-O 9. f4 a5 10. a4 Nb4 11. Kh1 b6 12. Be3 Bb7 13. Bf3 Qc7 14. Rf2 Rfd8 15.
Rd2 Bc6 16. Qg1 Rab8 17. Rad1 Qb7 18. fxe5 dxe5 19. Bg5 h6 20. Bxf6 Rxd2 21.
Rxd2 Bxf6 22. Nd5 Bg5 23. Nxb4 axb4 24. Re2 Bxa4 25. Nc1 Bb5 26. Re1 Qc7 27.
Qf2 Rc8 28. Nd3 b3 29. h4 bxc2 30. hxg5 Bxd3 31. Rc1 hxg5 32. Qe3 Qd8 33. Bg4
Rc6 0-1

[Event "Bad Woerishofen op"]
[Site "?"]
[Date "2000.??.??"]
[Round "8"]
[White "Dobierzin, Olaf"]
[Black "Reich, Thomas"]
[Result "0-1"]
[WhiteElo "2144"]
[BlackElo "2407"]
[PlyCount "70"]
[EventDate "2000.??.??"]

1. e4 d6 2. d4 Nf6 3. Nc3 g6 4. f4 Bg7 5. Nf3 c5 6. dxc5 Qa5 7. Bd3 Qxc5 8. Qe2
O-O 9. Be3 Qb4 10. O-O Qxb2 11. Nb5 Ne8 12. Nxa7 Nc6 13. Rab1 Qxa2 14. Nxc8
Rxc8 15. Rxb7 Nf6 16. h3 d5 17. e5 Ne4 18. Qe1 Qa3 19. Qa1 Qxa1 20. Rxa1 f6 21.
Bb5 fxe5 22. Bxc6 Rxc6 23. fxe5 Ng3 24. Nd4 Rc4 25. Ne6 Bxe5 26. Nxf8 Bxa1 27.
Ne6 Bf6 28. Rb8+ Kf7 29. Ng5+ Bxg5 30. Bxg5 Ne4 31. Bf4 Rxc2 32. Rh8 h5 33. Be5
Ke6 34. Bd4 Ng3 35. Kh2 Nf5 0-1